[Event "FISCA Online op"]
[Site "Chess.com INT"]
[Date "2020.06.19"]
[Round "1"]
[White "Hema, Keertana Vemuri"]
[Black "Saksham, Rautela"]
[Result "0-1"]
[WhiteElo "1544"]
[BlackElo "2480"]
[PlyCount "102"]
[EventDate "2020.06.19"]
[EventType "swiss"]
[EventRounds "9"]
[EventCountry "ROU"]
[SourceTitle "CBM 197 Extra"]
[Source "ChessBase"]
[SourceDate "2020.09.30"]
[SourceVersion "1"]
[SourceVersionDate "2020.09.30"]
[SourceQuality "1"]

1. e4 c5 2. Nf3 Nc6 3. d4 cxd4 4. Nxd4 Nf6 5. Nc3 d6 6. Bc4 e6 7. 0-0 Be7 8. Be3 0-0 9. Qe2 a6 10. Rfd1 Qc7 11. Bb3 Na5 12. a3 Nxb3 13. cxb3 b5 14. Rac1 Qb7 15. f3 e5 16. Nc2 Be6 17. Nb4 Bxb3 18. Rd2 Rac8 19. Re1 h6 20. Ncd5 Nxd5 21. Nxd5 Bxd5 22. Rxd5 f5 23. Bf2 Rc4 24. b3 Rc7 25. Rd2 f4 26. Rc2 Rxc2 27. Qxc2 Rc8 28. Qd2 Qc6 29. Rd1 Bd8 30. g3 fxg3 31. hxg3 Be7 32. Kg2 Kh7 33. Be3 Qc2 34. Rc1 Qxd2+ 35. Bxd2 Rxc1 36. Bxc1 Kg6 37. Kh3 h5 38. g4 hxg4+ 39. Kxg4 Kf7 40. a4 g6 41. Bd2 Ke6 42. axb5 axb5 43. Bc3 d5 44. b4 d4 45. Bd2 Kf7 46. Kg3 Kg7 47. Kg4 Bf8 48. Kg3 Kh7 49. Kf2 Bh6 50. Ke2 Bxd2 51. Kxd2 Kh6 0-1